Central Library, Doon University
WEBOPAC (ONLINE PUBLIC ACCESS CATALOGUE)

Biochemistry (Record no. 60581)

MARC details
000 -LEADER
fixed length control field 00423nam a22001817a 4500
005 - DATE & TIME
control field 20260406131702.0
008 - FIXED-LENGTH DATA ELEMENTS--GENERAL INFORMATION
fixed length control field 260406b |||||||| |||| 00| 0 eng d
020 ## - ISBN
International Standard Book Number 9789388854610
Price 2200.00
040 ## - CATALOGING SOURCE
Original cataloging agency Doon University
041 ## - Language
Language English
082 ## - DDC NUMBER
Classification number 572
Book Number VER
100 ## - MAIN ENTRY--PERSONAL NAME
Personal name Verma, Vikran
245 ## - TITLE STATEMENT
Title Biochemistry
260 ## - PUBLICATION, DISTRIBUTION, ETC. (IMPRINT)
Place of publication, distribution, etc New Delhi
Name of publisher, distributor, etc Discovery
Date of publication, distribution, etc 2025
300 ## - PHYSICAL DESCRIPTION
Pages 214
650 ## - Subject
Subject Chemistry
942 ## - ADDED ENTRY ELEMENTS (KOHA)
Koha item type Books
100 ## - MAIN ENTRY--PERSONAL NAME
-- 26580
952 ## - LOCATION AND ITEM INFORMATION (KOHA)
-- 2026-04-06
952 ## - LOCATION AND ITEM INFORMATION (KOHA)
-- 2026-04-06
952 ## - LOCATION AND ITEM INFORMATION (KOHA)
-- 2026-04-06
952 ## - LOCATION AND ITEM INFORMATION (KOHA)
-- 2026-04-06
952 ## - LOCATION AND ITEM INFORMATION (KOHA)
-- 2026-04-06
952 ## - LOCATION AND ITEM INFORMATION (KOHA)
-- 2026-04-06
Holdings
Withdrawn status Lost status Source of classification or shelving scheme Damaged status Not for loan Location (home branch) Sublocation or collection (holding branch) Date acquired Koha full call number Accession No. Koha date last seen Koha item type Koha issues (times borrowed)
        Not For Loan Doon University Doon University 06.04.2026 572 VER 53578 06.04.2026 Reference  
          Doon University Doon University 06.04.2026 572 VER 53579 06.04.2026 Books  
          Doon University Doon University 06.04.2026 572 VER 53580 06.04.2026 Books  
          Doon University Doon University 06.04.2026 572 VER 53581 06.04.2026 Books  
          Doon University Doon University 06.04.2026 572 VER 53582 06.04.2026 Books  
          Doon University Doon University 06.04.2026 572 VER 53583 06.04.2026 Books  
Contact : +91-135-2533126 (Library),+91-135-2533105 (Admin Office) , Email : doonlibrary@gmail.com

Powered by Koha